Nennen Sie alle niederländischen, deutschen und dänischen Watteninseln - Statistiken

Allgemein
  • Dieses Quiz wurde 38 mal gespielt
  • Das Durchschnittsergebnis liegt bei 11 aus 23
Antwortstatistiken
Hint Antwort % Korrekt
D 99 km² inwoners : 21000 Sylt
93%
D 26 km² inwoners : 5.875 Norderney
89%
D 20 km² inwoners : 1.757 Langeoog
85%
D 20 km² inwoners : 2300 Amrum
81%
D 31 km² inwoners : 5225 Borkum
81%
D 18 km² inwoners : 773 Spiekeroog
74%
D 16 km² inwoners : 1.589 Juist
70%
NL 161 km² einwohner : 13614 Texel
70%
D 82 km² inwoners 8600 Föhr
67%
D 5 km² inwoners : 1.055 Wangerooge
67%
D 7 km² inwoners : 617 Baltrum
56%
NL 59 km² inwoners : 3617 Ameland
52%
D 3 km² inwoners : 33 Neuwerk
48%
D 37 km² inwoners : 1158 Pellworm
33%
NL 86 km² inwoners : 4832 Terschelling
33%
DK 130 km² inwoners : 1000 Rømø
30%
NL 44 km² inwoners : 914 Schiermonnikoog
26%
NL 36 km² inwoners : 1072 Vlieland
26%
DK 56 km² inwoners : 3207 Fanø
19%
D 40 km² inwoners : 2218 Nordstrand
19%
D 3 km² inwoners : 1 Trischen
11%
DK 8 km² inwoners : 30 Mandø
7%
D 23 km² inwoners : 256 de Halligen
0%
Keine übereinstimmenden Quizze gefunden
Verteilung der Resultate
Anzahl Personen mit jedem Resultat
Perzentil nach korrekt beantworteten Fragen
Ihre Resultats-Entwicklung
Sie haben dieses Quiz noch nicht gespielt